00971nam a2200181 a 450000100060000000300090000600800410001504000280005608200140008410000280009824500240012626000370015030000070018749000290019450505440022365000100076765000120077722571CO-ViMGA141112s2004 ck r 000 u spa d aCO-ViMGAbspacCO-ViMGA04a752 M177c1 aMartín Roing, Gabriel10aColor y Creatividad aBarcelona : bParramón, c2005 a64 aGuias para principiantes aPercepción e Interpretación : El circulo de cromático, contrastes de gama, mezclar el color sobre soporte, el color transmite y crea espacio, armonias de color, paidaje con colores de clave alta, Bodegón con contrastes de complementarios 6 - 29 - - Ejercicios prácticos : Bodegón con una gama de colores cálidos, cuadernos de efectos una pera con colores calidos, el impacto del color, paisaje con colores cortados, bodegon con colores complementarios, interior con colores de clave alta, la experiencia del retrato 30 - 62 14aCOLOR14aPINTURA